Normal view
MARC view
Entry Personal Name
001 - CONTROL NUMBER
- control field: 11125
003 - CONTROL NUMBER IDENTIFIER
- control field: OSt
005 - DATE AND TIME OF LATEST TRANSACTION
- control field: 20220114143308.0
008 - FIXED-LENGTH DATA ELEMENTS
- fixed length control field: 220114|| aca||aabn | a|a d
040 ## - CATALOGING SOURCE
- Original cataloging agency: OSt
- Transcribing agency: OSt
100 ## - HEADING--PERSONAL NAME
- Personal name: PCQ-May-2009
670 ## - SOURCE DATA FOUND
- Source citation: Work cat.: (OSt): PCQ-May-2009, Centros 5.3, encryption/cryptography and password MGMT, Data